000 00652nam a22001937a 4500
003 OSt
005 20251023061605.0
008 250924b |||||||| |||| 00| 0 eng d
020 _a978-0-7619-4166-8.
040 _aDWCL-Main lib
_cOC
082 _aCirc. 361.06 P896 2008
245 _aThe practitioner's handbook :
_ba guide for counselors, psychotherapists and couselling psychologists
260 _aLondon :
_bSage Pub. Ltd.,
_cc2008.
300 _axv, 231 pages ;
_c24 cm.
504 _aIncludes bibliographical references and index.
650 _21. Counseling-Practice.
650 _22. Psychotherapy-Practice.
942 _2ddc
_cBK-CIRC
_kCirc.
_n0
999 _c4522
_d4522